000 01380nam a2200325 4500
001 0000019151
003 CO-CtgCURN
005 20250502213614.0
007 ta
008 160627s2001 000 0 eng d
020 _a8448128761
040 _aCO-CtgCURN
_bspa
_ccoctgcurn
082 0 _a004.6
_bK37r
100 1 _aKessler, Gary C.
245 1 0 _aRDSI, conceptos, funcionalidad y servicios /
_cGary C. Kessler, Petter V. Southwick.
260 _aMadrid :
_bMcGraw Hill Interamericana,
_c2001.
300 _axxxvii, 757 p.
336 _2rdacontent
337 _2rdamedia
_asin mediacion
_bn
338 _2rdacarrier
_avolumen
_bnc
490 1 _aBiblioteca profesional
500 _aIncluye glosario e indice\ISDN: concepts, facilities and services.
504 _aBibliografia (p. 7297-39)
505 8 _aFundamentos de telecomunicaciones para RDSI.--Terminos, definiciones y estandares de la RDSI.--Vision general de los servicios RDSI.--Arquitectura del protocolo RDSI.--Protocolo de enlace de datos de canal D.--La RDSI nacional.--Aplicacion de la RDSI.--Frame relay. Conceptos y protocolos.--Señalizacion ATM a traves del UNI.--RDSI, RDSI-BA e internet
650 1 4 _aRedes de computadores.
700 1 _aSouthwick, Peter.
908 _a160627
942 _cBK
_h004.6
_iK37r
_2ddc
_n0
999 _c8847
_d8847